Hauptstädte und größte Städte (Sachsen) - Statistiken

Allgemein
  • Dieses Quiz wurde 36 mal gespielt
  • Das Durchschnittsergebnis liegt bei 12 aus 22
Antwortstatistiken
Antwort % Korrekt
Dresden
100%
Leipzig
97%
Bautzen
93%
Bautzen
93%
Görlitz
83%
Görlitz
80%
Meißen
80%
Zwickau
63%
Zwickau
60%
Plauen
47%
Freiberg
40%
Pirna
40%
Plauen
40%
Annaberg-Buchholz
37%
Freiberg
37%
Torgau
37%
Borna
33%
Radebeul
33%
Delitzsch
30%
Freital
30%
Grimma
20%
Aue-Bad Schlema
17%
Keine übereinstimmenden Quizze gefunden
Verteilung der Resultate
Anzahl Personen mit jedem Resultat
Perzentil nach korrekt beantworteten Fragen
Ihre Resultats-Entwicklung
Sie haben dieses Quiz noch nicht gespielt